000 00480nam a2200169Ia 4500
003 GCL
008 140319s9999 xx 000 0 ara d
040 _aGCL /
_cGCL
082 0 4 _a239
_bع ا
100 1 _aعبدالحميد جوده السحار
245 1 0 _aابناء ابىبكر الصديق /
_cعبدالحميد جوده السحار
300 _a331 ص
490 _a
650 0 4 _aالادب العربى
650 0 4 _aالقصة العربية
942 _2ddc
_cBK
999 _c40341
_d40341